Käte Steinitz's material
| Titel: | Käte Steinitz's material : identification and dating of film-based negatives |
|---|---|
| Verfasser: | ; |
| In: |
Rundbrief Fotografie, Band 32, Heft 3 (2025), Seite 44-48 alle Artikel anzeigen |
| Veröffentlicht: | 2025 |
| Umfang: | Illustrationen |
| Format: | Aufsatz |
| Sprache: | Deutsch |
| Hinweise zum Inhalt: |
Volltext
|
X
alg: 54179574 001A $03036:05-02-26 001B $01999:05-02-26 $t21:53:22.000 001D $03036:05-02-26 001U $0utf8 001X $00 002@ $0Aou 002C $aText $btxt $2rdacontent 002D $aohne Hilfsmittel zu benutzen $bn $2rdamedia 002E $aBand $bnc $2rdacarrier 003@ $0541795740 007A $0541795740 $aHEB 009P $3Volltext $uhttps://www.degruyterbrill.com/journal/key/rbf/32/3/html 010@ $ager 010E $erda 011@ $a2025 021A $aKäte Steinitz's material $didentification and dating of film-based negatives 028A $BVerfasser $#Wenniger, Tessa Maillette De Buy $4aut $71382117094 $8Maillette De Buy Wenniger, Tessa [Tp3] $9536916721 028C $BVerfasser $#Walther, Kristina Blaschke- $4aut $71100195416 $8Blaschke-Walther, Kristina [Tp3] $9380432315 031A $d32 $e3 $h44-48 $j2025 034M $aIllustrationen 039B $aEnthalten in $8--Abvc--. Rundbrief Fotografie. - Berlin : Deutscher Kunstverlag, 1993-. - ISSN 0945-0327 $x202500000320003956 $9048641111 045T $a9,11 $a24,1 lok: 54179574 105 exp: 54179574 105 1 #EPN 201B/01 $005-02-26 $t11:04:44.000 201C/01 $005-02-26 201U/01 $0utf8 203@/01 $01333555172 208@/01 $a05-02-26 $be 209A/01 $a/ $f106 $x00 245Z/01 $a2.16.04.03. $bArchivwissenschaft und Archivtheorie / Archivaliengattungen / Bild- und Tonträger / Fotos $x02 245Z/01 $a3.12.02. $bArchivwesen des Bundes- und der deutschen Bundesländer / Niedersachsen, Bremen, Hamburg / Archive und Archivbestände $x03 247C/01 $8->Marburg, Bibliographie zum Archivwesen der Archivschule Marburg $939588196X
| LEADER | 00000caa a2200000 c 4500 | ||
|---|---|---|---|
| 001 | 541795740 | ||
| 003 | DE-603 | ||
| 005 | 20260205215322.0 | ||
| 007 | tu | ||
| 008 | 260205s2025 xx |||| | u00||u|ger c | ||
| 035 | |a (DE-599)HEB541795740 | ||
| 040 | |a DE-603 |b ger |c DE-603 |d DE-603 |e rda | ||
| 041 | |a ger | ||
| 084 | |a 9,11 |a 24,1 |2 ssgn | ||
| 100 | 1 | |a Maillette De Buy Wenniger, Tessa |e Verfasser |4 aut |0 (DE-603)536916721 |0 (DE-588)1382117094 |2 gnd | |
| 245 | 0 | 0 | |a Käte Steinitz's material |b identification and dating of film-based negatives |
| 264 | 0 | |c 2025 | |
| 300 | |b Illustrationen | ||
| 336 | |a Text |b txt |2 rdacontent | ||
| 337 | |a ohne Hilfsmittel zu benutzen |b n |2 rdamedia | ||
| 338 | |a Band |b nc |2 rdacarrier | ||
| 700 | 1 | |a Blaschke-Walther, Kristina |e Verfasser |4 aut |0 (DE-603)380432315 |0 (DE-588)1100195416 |2 gnd | |
| 773 | 0 | 8 | |i Enthalten in |t Rundbrief Fotografie |d Berlin : Deutscher Kunstverlag, 1993- |h 30 cm |x 0945-0327 |g Band 32, Heft 3 (2025), Seite 44-48 |w (DE-603)048641111 |w (DE-600)1176458-2 |
| 856 | 4 | 2 | |u https://www.degruyterbrill.com/journal/key/rbf/32/3/html |3 Volltext |
| 924 | 0 | |9 - |a (DE-603)1333555172 |b DE- |c HES |d d |g / | |